1406 1943 1519 1737 1950 1861 1067 1513 1059 1310 1113 1079 1851 1518 1483 1574 1097 1316 1338 1894 1838 1874 1339 1664 1934 1160 1201 1268 1352 1007 1095 1724 1098 1811 1092 1725 1459 1835 1985 1196 1472 1966 1597 1726 1019 1783 1314 1308 1545 1850 1823 1568 1173 1079 1901 1076 1633 1046 1276 1177 1506 1410 1466 1233 1838 1649 1658 1943 1619 1990 1297 1892 1108 1159 1711 1680 1296 1037 1809 1773 1353 1307 1639 1843 1272 1777 1899 1499 1607 1392 1995 1536 1161 1053 1843 1616 1248 1208 1173 BCNSPRNW ULIB Ver.6.0+V

เปลี่ยนเป็นภาษาไทย

Change to English
 แสดงรายละเอียดบรรณานุกรม
  กลับหน้าหลัก

Brief Record : Get Marc (ISO 2709) : E-mail record : QR code < ปิดหน้าต่าง
LEADER : 00000nam 2200000uu 4500
001    13399115124
003     ULIB
008    120711s2551||||th 000 0 tha d
020    ^a9789741685196
090    ^aนว.^bน574ส 2551
100 0  ^aนิตย์รวี
245 00 ^aรักร้อย...หนึ่งใจ/^cนิตย์รวี
250    ^aพิมพ์ครั้งที่
260    ^aกรุงเทพฯ :^bธุรดา,^c2551
300    ^a289 หน้า
945    ^p0^l0^i15320
995    ^aกัณชพร
999    ^aใช้งานได้ทุกระบบ
รายการนี้ยังไม่มีแท็ก
คุณยังไม่ได้ล็อกอิน คุณสามารถมีกิจกรรมร่วมกับเว็บไซต์ได้ แต่ต้องล็อกอินก่อน ::
  ล็อกอิน

รายการสื่อสารสนเทศ

ลำดับที่ ประเภท เลขเรียก/บาร์โค้ด สถานที่ สถานะ
1. วิทยาศาสตร์การแพทย์ และสุขภาพ
วิทยาศาสตร์การแพทย์ และสุขภาพ
นว. น574ส 2551  
  Barcode: 15320
ห้องสมุดวิทยาเขตสวรรค์ประชารักษ์
►นวนิยาย
บนชั้น
  ขอยืม

รายการใกล้เคียง
    ผู้แต่ง [นิตย์รวี]

BibComment


ยังไม่เคยถูกคอมเมนท์

คอมเมนท์ทรัพยากรรายการนี้
  คอมเมนท์: รักร้อยหนึ่งใจ น..


 Copyright 2026. Bcnsprnw @Library